000 00636nam a2200241Ia 4500
003 OSt
005 20220918173144.0
006 a|||||r|||| 00| 0
007 ta
008 220917b |||||||| |||| 00| 0 eng d
024 _a5,382
037 _cTextual
040 _aARTS
_cARTS
_beng
041 _2eng
_aeng
082 _a2:7, N8-;1 (2D)
100 _aKumar P S G.
_924544
245 0 _aFundamentals of information science
260 _aNew Delhi
_bS Chand & Co.
_c1998
300 _axi,363p
_ccm.
650 _aLIBRARY SCIENCE
942 _h2:7, N8-;1 (2D)
_cTEXL
_2CC
999 _c147416
_d147416